All Smash Bros Character's Side Special - Statistics

General Stats
  • This quiz has been taken 30 times
    27 since last reset
  • The average score is 54 of 98
Answer Stats
Character Side Special % Correct
Link Boomerang
93%
Young Link Boomerang
93%
Toon Link Boomerang
93%
Ness PK Fire
93%
Lucas PK Fire
93%
Shulk Back Slash
87%
Mario Cape
87%
Yoshi Egg Roll
87%
Charizard Flare Blitz
87%
Donkey Kong Headbutt
87%
Steve Minecart
87%
Samus Missile
87%
Dark Samus Missile
87%
Olimar Pikmin Throw
87%
Greninja Shadow Sneak
87%
Simon Cross
80%
Richter Cross
80%
Luigi Green Missile
80%
Jigglypuff Pound
80%
Pikachu Skull Bash
80%
Pichu Skull Bash
80%
Sonic Spin Dash
80%
Incineroar Alolan Whip
73%
Zelda Din's Fire
73%
Isabelle Fishing Rod
73%
Mr. Game & Watch Judge
73%
Villager Lloid Rocket
73%
Captain Falcon Raptor Boost
73%
Ivysaur Razor Leaf
73%
Wario Wario Bike
73%
Squirtle Withdraw
73%
Banjo-Kazooie Wonderwing
73%
Robin Arcfire
67%
Mii Swordfighter (3) Chakram
67%
Marth Dancing Blade
67%
Lucina Dancing Blade
67%
King Dedede Gordo Throw
67%
Diddy Kong Monkey Flip
67%
Inkling Splat Roller
67%
Pyra Blazing End
60%
Cloud Cross Slash
60%
Daisy Daisy Bomber
60%
Palutena Explosive Flame
60%
Falco Falco Phantasm
60%
Lucario Force Palm
60%
Peach Peach Bomber
60%
Wolf Wolf Flash
60%
Mewtwo Confusion
53%
Terry (Back Special) Crack Shoot
53%
Fox Fox Illusion
53%
Kirby Hammer Flip
53%
Little Mac Jolt Haymaker
53%
Hero (Full Charge) Kazap
53%
Mythra Photon Edge
53%
Ridley Space Pirate Rush
53%
Mii Brawler (3) Suplex
53%
Hero (No Charge) Zap
53%
Mega Man Crash Bomber
47%
Meta Knight Drill Rush
47%
Ganondorf Flame Choke
47%
Wii Fit Trainer Header
47%
Pac-Man Power Pellet
47%
Rosalina & Luma Star Bits
47%
Bayonetta (Tilt Attack) After Burner Kick
40%
King K. Rool Crownerang
40%
Joker Eiha
40%
Dark Pit Electroshock Arm
40%
Piranha Plant Poison Breath
40%
Min Min Punch
40%
Hero (Half Charge) Zapple
40%
Byleth Areadbhar
33%
R.O.B. Arm Rotor
33%
Terry Burn Knuckle
33%
Roy Double-Edge Dance
33%
Chrom Double-Edge Dance
33%
Joker (With Arsene) Eigaon
33%
Bayonetta Heel Slide
33%
Zero Suit Samus Plasma Whip
33%
Ike Quick Draw
33%
Sephiroth Shadow Flare
33%
Ryu Tatsumaki Senpukyaku
33%
Ken Tatsumaki Senpukyaku
33%
Pit Upperdash Arm
33%
Sheik Burst Grenade
27%
Duck Hunt Clay Shooting
27%
Bowser Jr. Clown Kart Dash
27%
Corrin Dragon Lunge
27%
Bowser Flying Slam
27%
Snake Remote Missile
27%
Ice Climbers Squall Hammer
27%
Dr. Mario Super Sheet
27%
Mii Brawler (2) Burning Dropkick
20%
Mii Gunner (1) Flame Pillar
20%
Mii Brawler (1) Onslaught
20%
Mii Gunner (3) Gunner Missile
13%
Mii Swordfighter (1) Airborne Assault
7%
Mii Swordfighter (2) Gale Stab
7%
Mii Gunner (2) Stealth Burst
7%
No matching quizzes found
Score Distribution
Percent of People with Each Score
Percentile by Number Answered
Your Score History
You have not taken this quiz since the last reset